00865nam a22002297a 45000010005000000030006000050050017000110080041000280400029000690500017000980820013001151000027001282450066001552600034002213000047002555050007003025200205003095210027005145210018005416500048005597000028006077751FISKH20250805082039.0250805b cb ||||| |||| 00| 0 eng d aFISKHbengcFISKHdFISKH aM1527.2 .W25 a781.542  aMcCafferty, Catherine  aPooh's grand adventure: bThe search for Christopher Robin / aNew York : bGrolier, c1997. a40 pages : bcolor illustrations ; c23 cm aK  aChristopher Robin leaves a note for Pooh and friends telling them he has to go to school. In a misunderstanding, they believe he has gone to "skull," and they set off on a grand journey to rescue him.8 a510 bLexile estimate 8 aK bRaz-Plus  aDisney's Wonderful World of ReadingvDisney aJohn Kurtzeillustrator